[Event "Hockenheim 6 Countries U20 Girls"]
[Site "Hockenheim"]
[Date "2005.10.03"]
[Round "4"]
[White "Agrest, Inna"]
[Black "Egeland, Marte"]
[Result "1/2-1/2"]
[WhiteElo "2005"]
[BlackElo "1978"]
[PlyCount "182"]
[EventDate "2005.09.01"]
[EventType "team"]
[EventRounds "5"]
[EventCountry "GER"]
[SourceTitle "EXT 2007"]
[Source "ChessBase"]
[SourceDate "2006.11.23"]
[SourceVersion "1"]
[SourceVersionDate "2006.11.23"]
[SourceQuality "1"]

1. e4 d5 2. exd5 Nf6 3. d4 Nxd5 4. c4 Nf6 5. Nc3 g6 6. h3 Bg7 7. Nf3 0-0 8. Bd3 c6 9. 0-0 Na6 10. Be3 Be6 11. a3 Qc8 12. Ne2 Bf5 13. Ng3 Bxd3 14. Qxd3 Rd8 15. Qc2 Nc7 16. Rad1 Rb8 17. Bf4 Ra8 18. Qc1 Ne6 19. Bh6 Bh8 20. Rfe1 Qc7 21. Rxe6 fxe6 22. Qe3 Qc8 23. Ng5 c5 24. Nxe6 cxd4 25. Nxd4 Qxc4 26. Rc1 Qf7 27. Ne6 Rd7 28. Ng5 Nd5 29. Qe2 Qf6 30. Qc4 Qc6 31. Qf1 Qa6 32. Qd1 Rad8 33. Qg4 Nf6 34. Qb4 Bg7 35. Bxg7 Kxg7 36. Re1 Re8 37. N3e4 Nxe4 38. Qxe4 e5 39. Qg4 Rd4 40. Qf3 Qf6 41. Ne4 Qxf3 42. gxf3 Red8 43. Kg2 Rd1 44. Re2 Rc1 45. Nc3 Kf6 46. Re4 Rd4 47. Re2 a6 48. Kh2 b5 49. Kg2 Kf5 50. Kh2 b4 51. axb4 Rxb4 52. Kg2 Rd4 53. Na2 Ra1 54. Nc3 Ra5 55. Ne4 Rd1 56. Ng3+ Kf6 57. Ne4+ Ke7 58. Ng3 Rad5 59. Ne4 R1d4 60. Rc2 Rb4 61. Rc7+ Kd8 62. Rxh7 Rxb2 63. Ra7 Rb6 64. Nc3 Rd3 65. Ne4 Rd7 66. Ra8+ Kc7 67. Re8 Rf7 68. Rxe5 Rb2 69. Re6 Rb6 70. Re5 Rb3 71. Re6 Rb6 72. Re5 Rf5 73. Re7+ Kd8 74. Ra7 Kc8 75. Re7 a5 76. Nd2 Rb2 77. Nc4 Rg5+ 78. Kf1 Rb3 79. Nd6+ Kb8 80. Ne4 Rh5 81. Kg2 Rf5 82. Nd2 Rd3 83. Re2 a4 84. Nc4 Rdxf3 85. Ra2 Kc7 86. Rxa4 Rxf2+ 87. Kg3 R2f3+ 88. Kg2 R3f4 89. Kg3 g5 90. Nb2 Rxa4 91. Nxa4 Rf4 1/2-1/2

[Event "Hockenheim 6 Countries U20 Girls"]
[Site "Hockenheim"]
[Date "2005.10.02"]
[Round "2"]
[White "Egeland, Marte"]
[Black "Majdan, Joanna"]
[Result "0-1"]
[WhiteElo "1978"]
[BlackElo "2232"]
[PlyCount "122"]
[EventDate "2005.09.01"]
[EventType "team"]
[EventRounds "5"]
[EventCountry "GER"]
[SourceTitle "EXT 2007"]
[Source "ChessBase"]
[SourceDate "2006.11.23"]
[SourceVersion "1"]
[SourceVersionDate "2006.11.23"]
[SourceQuality "1"]

1. e4 d6 2. d4 Nf6 3. Nc3 Nbd7 4. Bc4 c6 5. Bb3 e5 6. dxe5 dxe5 7. Nf3 Bb4 8. 0-0 0-0 9. Re1 Qe7 10. a3 Ba5 11. Bg5 h6 12. Bh4 Nc5 13. Ba2 Bc7 14. h3 Ne6 15. Bxe6 Bxe6 16. Qc1 Bd7 17. Ne2 Qe6 18. Ng3 Bb6 19. Nf5 Nh5 20. Rd1 f6 21. Rd6 Qf7 22. Nxh6+ gxh6 23. Qxh6 Be8 24. g4 Qg7 25. Qxg7+ Nxg7 26. Rxf6 Rxf6 27. Bxf6 Bg6 28. Re1 Rf8 29. g5 Ne6 30. h4 Bc7 31. Nd2 Rf7 32. Nc4 b5 33. Nd2 Bh5 34. c3 Nc5 35. Re3 Nd7 36. Rg3 Kh7 37. g6+ Bxg6 38. Bg5 Bh5 39. Be3 a5 40. Kg2 Nf6 41. f3 Bg6 42. Nb3 Nh5 43. Rg5 Nf4+ 44. Bxf4 Rxf4 45. h5 Bf7 46. Nc5 Kh6 47. Rg3 Rf6 48. Kf1 Rd6 49. Ke2 Bb6 50. b4 Bxc5 51. bxc5 Rf6 52. Ke3 Rf4 53. Rg4 Rxg4 54. fxg4 Kg5 55. Kf3 Be6 56. Kg3 a4 57. h6 Kxh6 58. Kh4 Kg6 59. Kg3 Kg5 60. Kf3 Bxg4+ 61. Ke3 Bd1 0-1

[Event "NOR-chB"]
[Site "Stavanger"]
[Date "2005.07.05"]
[Round "5"]
[White "Aandal, Kristian"]
[Black "Egeland, Marte"]
[Result "1-0"]
[WhiteElo "1842"]
[BlackElo "1902"]
[PlyCount "55"]
[EventDate "2005.07.01"]
[EventType "swiss"]
[EventRounds "9"]
[EventCountry "NOR"]
[SourceTitle "CBM 107 Extra"]
[Source "ChessBase"]
[SourceDate "2005.09.01"]
[SourceVersion "1"]
[SourceVersionDate "2005.09.01"]
[SourceQuality "1"]

1. d4 Nf6 2. c4 e6 3. Nc3 Bb4 4. g3 0-0 5. Bg2 d5 6. cxd5 Nxd5 7. Bd2 Nxc3 8. bxc3 Bd6 9. Nf3 Nd7 10. e4 e5 11. 0-0 Re8 12. Re1 Nf8 13. Rb1 Rb8 14. Qa4 a6 15. dxe5 Bxe5 16. Nxe5 Rxe5 17. Bf4 Rc5 18. Red1 Qe7 19. Qa3 Bg4 20. f3 Bd7 21. Bxc7 Rc8 22. Bd6 Qg5 23. f4 Qh5 24. Bxc5 Rxc5 25. c4 Ra5 26. Qe7 Qg4 27. a3 Qe6 28. Qxe6 1-0

[Event "Norwegian op"]
[Site "Oslo"]
[Date "2005.03.26"]
[Round "8"]
[White "Egeland, Marte"]
[Black "Andersen, Alf Roger"]
[Result "0-1"]
[WhiteElo "1994"]
[BlackElo "2188"]
[PlyCount "60"]
[EventDate "2005.03.19"]
[EventType "swiss"]
[EventRounds "9"]
[EventCountry "NOR"]
[SourceTitle "CBM 105 Extra"]
[Source "ChessBase"]
[SourceDate "2005.05.01"]
[SourceVersion "1"]
[SourceVersionDate "2005.05.01"]
[SourceQuality "1"]

1. e4 c5 2. Nf3 d6 3. d4 cxd4 4. Nxd4 Nf6 5. Bd3 Nc6 6. c3 e5 7. Ne2 Be6 8. 0-0 d5 9. Ng3 Be7 10. exd5 Nxd5 11. Nf5 Bf6 12. Na3 0-0 13. Nc2 Qd7 14. Ng3 Rad8 15. Be4 Qc8 16. Bxd5 Bxd5 17. Qe2 Be7 18. f4 Rfe8 19. f5 Bc5+ 20. Kh1 Nd4 21. cxd4 exd4 22. Qd3 Bd6 23. Bf4 Bc4 24. Qd2 Bxf1 25. Rxf1 d3 26. Ne3 Bxf4 27. Rxf4 Rxe3 28. f6 Rde8 29. Rf3 Rxf3 30. gxf3 Qc2 0-1

[Event "Norwegian op"]
[Site "Oslo"]
[Date "2005.03.21"]
[Round "3"]
[White "Egeland, Marte"]
[Black "Richards, Heather"]
[Result "0-1"]
[WhiteElo "1994"]
[BlackElo "2205"]
[PlyCount "120"]
[EventDate "2005.03.19"]
[EventType "swiss"]
[EventRounds "9"]
[EventCountry "NOR"]
[SourceTitle "CBM 105 Extra"]
[Source "ChessBase"]
[SourceDate "2005.05.01"]
[SourceVersion "1"]
[SourceVersionDate "2005.05.01"]
[SourceQuality "1"]

1. e4 e6 2. d4 d5 3. Nc3 Bb4 4. e5 c5 5. a3 Bxc3+ 6. bxc3 Qa5 7. Bd2 Qa4 8. Qb1 c4 9. f4 Nc6 10. Nf3 f6 11. Be2 Bd7 12. 0-0 0-0-0 13. Qb2 b6 14. Rfb1 Nge7 15. Qc1 h6 16. Qd1 Be8 17. Rb2 Bg6 18. Nh4 Be4 19. Bg4 f5 20. Bh5 g6 21. Be2 Rdg8 22. Nf3 Rg7 23. h4 Nd8 24. Rb4 Qe8 25. a4 Nec6 26. Rb5 Qe7 27. g3 Nf7 28. a5 bxa5 29. Rc5 Kd7 30. Rb1 Nfd8 31. Qc1 Ke8 32. Qb2 Qd7 33. Be3 Rhh7 34. Nd2 Qb7 35. Qa2 Qa6 36. Nxe4 fxe4 37. Bg4 h5 38. Bh3 Rb7 39. Ra1 Rb6 40. Bc1 Rhb7 41. Kf2 Rf7 42. Qa4 Rd7 43. Qa2 Kf7 44. Ba3 Nb7 45. g4 Nxc5 46. Bxc5 Rb5 47. gxh5 gxh5 48. f5 exf5 49. Bxf5 Rdb7 50. Ba3 Ne7 51. Bxe7 Rxe7 52. Rg1 Qb6 53. Bg6+ Kf8 54. Ke2 Rb2 55. Qa4 Qb3 56. Qxb3 cxb3 57. Rc1 Rg7 58. Bxh5 Rg2+ 59. Ke3 Rbxc2 60. Rf1+ Rcf2 0-1

[Event "Molde"]
[Site "Molde"]
[Date "2004.07.06"]
[Round "5"]
[White "Ekeberg, Carl Fredrik"]
[Black "Egeland, Marte"]
[Result "1-0"]
[WhiteElo "2284"]
[BlackElo "1992"]
[PlyCount "53"]
[EventDate "2004.07.03"]
[EventType "swiss"]
[EventRounds "8"]
[EventCountry "NOR"]
[SourceTitle "EXT 2008"]
[Source "ChessBase"]
[SourceDate "2007.11.25"]
[SourceVersion "1"]
[SourceVersionDate "2007.11.25"]
[SourceQuality "1"]

1. Nf3 Nf6 2. c4 g6 3. Nc3 Bg7 4. e4 d6 5. d4 0-0 6. Be2 Nbd7 7. 0-0 Re8 8. e5 dxe5 9. dxe5 Ng4 10. e6 Ndf6 11. exf7+ Kxf7 12. Qb3 c5 13. h3 Nh6 14. Be3 Qb6 15. Qa3 Qb4 16. Bxc5 Qxa3 17. Bxa3 Nf5 18. Rad1 a6 19. c5 Bf8 20. Bc4+ e6 21. Ng5+ Kg7 22. Rfe1 e5 23. Nd5 Nxd5 24. Bxd5 Nh6 25. f4 Re7 26. fxe5 Nf5 27. e6 1-0

[Event "Rilton Cup 33rd"]
[Site "Stockholm"]
[Date "2004.01.02"]
[Round "6"]
[White "Egeland, Marte"]
[Black "Johansson, Thomas"]
[Result "1-0"]
[WhiteElo "1990"]
[BlackElo "2231"]
[PlyCount "59"]
[EventDate "2003.12.27"]
[EventType "swiss"]
[EventRounds "9"]
[EventCountry "SWE"]
[SourceTitle "CBM 097 Extra"]
[Source "ChessBase"]
[SourceDate "2004.01.13"]
[SourceVersion "1"]
[SourceVersionDate "2004.01.13"]
[SourceQuality "1"]

1. e4 c5 2. Nf3 Nc6 3. d4 cxd4 4. Nxd4 e5 5. Nb5 d6 6. N1c3 a6 7. Na3 Nf6 8. Bg5 Be7 9. Bxf6 Bxf6 10. Nc4 Nd4 11. Nd5 Be6 12. Nxf6+ Qxf6 13. Nxd6+ Ke7 14. Nc4 Rhd8 15. c3 b5 16. Nd2 Qh6 17. cxd4 Rxd4 18. Qe2 Rad8 19. Nf3 Bg4 20. Nxd4 Rxd4 21. f3 Be6 22. b3 f5 23. exf5 e4 24. fxe6 exf3 25. gxf3 Rd6 26. Qf2 Qf6 27. Rc1 Qf4 28. Qa7+ Kxe6 29. Bh3+ Kf6 30. 0-0 1-0

[Event "Rilton Cup 33rd"]
[Site "Stockholm"]
[Date "2003.12.28"]
[Round "2"]
[White "Egeland, Marte"]
[Black "Forsberg, Viktor"]
[Result "0-1"]
[WhiteElo "1990"]
[BlackElo "2153"]
[PlyCount "104"]
[EventDate "2003.12.27"]
[EventType "swiss"]
[EventRounds "9"]
[EventCountry "SWE"]
[SourceTitle "CBM 097 Extra"]
[Source "ChessBase"]
[SourceDate "2004.01.13"]
[SourceVersion "1"]
[SourceVersionDate "2004.01.13"]
[SourceQuality "1"]

1. e4 c5 2. Nf3 d6 3. d4 cxd4 4. Qxd4 a6 5. Bg5 Nc6 6. Qd2 h6 7. Bh4 g5 8. Bg3 Bg7 9. c3 Nf6 10. Qc2 Bg4 11. Nbd2 Nh5 12. Be2 Rc8 13. Nc4 Nxg3 14. hxg3 Be6 15. Ne3 Qa5 16. Nf5 Bxf5 17. exf5 b5 18. 0-0 0-0 19. Qe4 Bf6 20. Nd2 Qb6 21. Kh2 d5 22. Qg4 h5 23. Qf3 Kg7 24. Nb3 h4 25. gxh4 Rh8 26. h5 Ne5 27. Qxd5 g4 28. g3 Rxh5+ 29. Kg1 Rch8 30. Qe4 R8h6 31. Nd4 Qd8 32. f3 Rh1+ 33. Kf2 R6h2+ 34. Ke1 Rxf1+ 35. Bxf1 Rxb2 36. fxg4 Qc7 37. Qe3 Nxg4 38. Qf3 Qe5+ 39. Be2 Ne3 40. Rc1 Rxa2 41. Kf2 Nd5 42. Rd1 Bg5 43. f6+ Nxf6 44. Nf5+ Kg6 45. Nd4 Be3+ 46. Kf1 Bxd4 47. Rxd4 e6 48. Rh4 Ra1+ 49. Kg2 Qd5 50. Bd3+ Kg7 51. Be4 Nxe4 52. Rxe4 f5 0-1

[Event "Rilton Cup 33rd"]
[Site "Stockholm"]
[Date "2003.12.27"]
[Round "1"]
[White "Edlund, Robin"]
[Black "Egeland, Marte"]
[Result "1-0"]
[WhiteElo "2227"]
[BlackElo "1990"]
[PlyCount "53"]
[EventDate "2003.12.27"]
[EventType "swiss"]
[EventRounds "9"]
[EventCountry "SWE"]
[SourceTitle "CBM 097 Extra"]
[Source "ChessBase"]
[SourceDate "2004.01.13"]
[SourceVersion "1"]
[SourceVersionDate "2004.01.13"]
[SourceQuality "1"]

1. e4 d5 2. exd5 Nf6 3. Bb5+ Bd7 4. Be2 Nxd5 5. d4 g6 6. Nf3 Bg7 7. 0-0 0-0 8. c4 Nb6 9. h3 Nc6 10. Be3 Bf5 11. Nc3 Qd7 12. Rc1 Rad8 13. d5 Ne5 14. Nxe5 Bxe5 15. g4 h5 16. gxf5 Qxf5 17. Kg2 c6 18. Bd3 Qd7 19. Qf3 Nc8 20. Rfd1 cxd5 21. Nxd5 Qe6 22. Re1 Qa6 23. Bg5 Bxb2 24. Rb1 Ba3 25. Bh6 Rfe8 26. Nc7 Rxd3 27. Qxd3 1-0

[Event "Wch U18 Girls"]
[Site "Chalkidiki"]
[Date "2003.10.23"]
[Round "1"]
[White "Egeland, Marte"]
[Black "Papadopoulou, Vera"]
[Result "1/2-1/2"]
[WhiteElo "1990"]
[BlackElo "2245"]
[PlyCount "81"]
[EventDate "2003.10.23"]
[EventType "swiss"]
[EventRounds "11"]
[EventCountry "GRE"]
[SourceTitle "EXT 2004"]
[Source "ChessBase"]
[SourceDate "2003.11.25"]
[SourceVersion "1"]
[SourceVersionDate "2003.11.25"]
[SourceQuality "1"]

1. e4 c5 2. Nf3 d6 3. d4 cxd4 4. Nxd4 Nf6 5. Nc3 a6 6. Be2 e5 7. Nb3 Be7 8. 0-0 0-0 9. Bg5 Nbd7 10. Qd2 Qc7 11. Rad1 b5 12. a3 Bb7 13. f3 h6 14. Be3 Rac8 15. Bd3 Nc5 16. Rc1 Rfd8 17. Kh1 Bf8 18. Qf2 d5 19. Nxc5 Bxc5 20. exd5 Nxd5 21. Nxd5 Bxd5 22. Bf5 Bxe3 23. Qxe3 Rb8 24. Rfe1 Re8 25. Rcd1 Qc6 26. Rd3 Be6 27. Rc3 Qb7 28. Be4 Bd5 29. Bxd5 Qxd5 30. Rc5 Qd4 31. Rxe5 Rxe5 32. Qxe5 Qxe5 33. Rxe5 Rd8 34. Kg1 Rd2 35. Rc5 Kf8 36. Kf1 Ke7 37. Re5+ Kd6 38. Re2 Rd1+ 39. Re1 Rd2 40. Re2 Rd1+ 41. Re1 1/2-1/2

[Event "Monarch Assurance 12th"]
[Site "Port Erin"]
[Date "2003.09.30"]
[Round "4"]
[White "Van Kemenade, Rudy"]
[Black "Egeland, Marte"]
[Result "0-1"]
[WhiteElo "2140"]
[BlackElo "1990"]
[PlyCount "106"]
[EventDate "2003.09.27"]
[EventType "swiss"]
[EventRounds "9"]
[EventCountry "IOM"]
[SourceTitle "CBM 096 Extra"]
[Source "ChessBase"]
[SourceDate "2003.10.22"]
[SourceVersion "2"]
[SourceVersionDate "2003.10.20"]
[SourceQuality "1"]

1. d4 Nf6 2. g3 d5 3. Bg2 Bf5 4. Nf3 e6 5. 0-0 h6 6. c4 dxc4 7. Qa4+ c6 8. Qxc4 Nbd7 9. Nc3 Be7 10. Re1 0-0 11. e4 Bh7 12. h3 Nb6 13. Qe2 Rc8 14. Rd1 Bb4 15. Ne5 Qc7 16. Nd3 Bxc3 17. bxc3 Nc4 18. Bf4 Qe7 19. Ne5 Nxe5 20. Bxe5 Nd7 21. Bf4 e5 22. Bc1 Rfe8 23. dxe5 Nxe5 24. f4 Nd7 25. e5 Nb6 26. Be3 Rcd8 27. Qf2 Nd5 28. Bxd5 cxd5 29. Bxa7 Qe6 30. Kh2 Bf5 31. g4 Be4 32. Bd4 Ra8 33. f5 Qa6 34. Rd2 Rec8 35. f6 g5 36. h4 Kh7 37. Re1 Qe6 38. Qg3 Rh8 39. Kg1 gxh4 40. Qf4 Rag8 41. Rxe4 dxe4 42. Qxe4+ Rg6 43. Rg2 Ra8 44. g5 Rxa2 45. Bf2 Qh3 46. e6 Ra1+ 47. Be1 Qxe6 48. Qxe6 fxe6 49. Kf1 hxg5 50. Rf2 Kg8 51. f7+ Kf8 52. Ke2 Rxe1+ 53. Kxe1 Rg7 0-1

[Event "Monarch Assurance 12th"]
[Site "Port Erin"]
[Date "2003.09.27"]
[Round "1"]
[White "Egeland, Marte"]
[Black "Walton, Alan J"]
[Result "0-1"]
[WhiteElo "1990"]
[BlackElo "2158"]
[PlyCount "114"]
[EventDate "2003.09.27"]
[EventType "swiss"]
[EventRounds "9"]
[EventCountry "IOM"]
[SourceTitle "CBM 096 Extra"]
[Source "ChessBase"]
[SourceDate "2003.10.22"]
[SourceVersion "2"]
[SourceVersionDate "2003.10.20"]
[SourceQuality "1"]

1. e4 e6 2. d4 d5 3. Nc3 Nf6 4. Bg5 Be7 5. exd5 Nxd5 6. Bxe7 Qxe7 7. Qd2 0-0 8. Nf3 b6 9. Bd3 Nxc3 10. Qxc3 Bb7 11. 0-0-0 c5 12. Rhg1 cxd4 13. Qxd4 Nc6 14. Qe4 g6 15. Qe3 Nb4 16. Kb1 Nd5 17. Qh6 Qf6 18. Ng5 Qg7 19. Qh4 h6 20. Ne4 Rad8 21. Bc4 g5 22. Qg3 Nf4 23. f3 Rd4 24. Nd2 Rfd8 25. Qf2 Qe5 26. Rge1 Qc5 27. Bb3 Qd6 28. Kc1 a5 29. g3 Nh3 30. Qe2 a4 31. Bc4 Qc5 32. Bxe6 fxe6 33. Qxe6+ Kg7 34. Qxh3 a3 35. Qe6 axb2+ 36. Kxb2 Qb4+ 37. Qb3 Qxb3+ 38. axb3 Bxf3 39. Nxf3 Rxd1 40. Re7+ Kf6 41. Rh7 Kg6 42. Rb7 R8d6 43. Ne5+ Kh5 44. Nc4 Rc6 45. Nxb6 Rd2 46. Nc4 Rxh2 47. Rf7 Rg2 48. Rf3 Re6 49. Ne3 g4 50. Rf5+ Kg6 51. Nxg2 Kxf5 52. Nf4 Re3 53. c4 Rxg3 54. Nd5 h5 55. Kc2 h4 56. c5 Ke5 57. c6 Kd6 0-1

[Event "Monarch Assurance 12th"]
[Site "Port Erin"]
[Date "2003.09.05"]
[Round "9"]
[White "Egeland, Marte"]
[Black "Coathup, Roger"]
[Result "1/2-1/2"]
[WhiteElo "1990"]
[BlackElo "2134"]
[PlyCount "138"]
[EventDate "2003.09.27"]
[EventType "swiss"]
[EventRounds "9"]
[EventCountry "IOM"]
[SourceTitle "CBM 096 Extra"]
[Source "ChessBase"]
[SourceDate "2003.10.22"]
[SourceVersion "2"]
[SourceVersionDate "2003.10.20"]
[SourceQuality "1"]

1. e4 c5 2. Nf3 e6 3. d4 cxd4 4. Nxd4 a6 5. Bd3 Nf6 6. 0-0 Qc7 7. c4 Nc6 8. Nxc6 dxc6 9. Nc3 e5 10. f4 Bc5+ 11. Kh1 Ng4 12. Qe2 Qd8 13. Nd1 Nxh2 14. g3 Nxf1 15. Qxf1 h5 16. f5 b5 17. cxb5 cxb5 18. Nc3 Bd4 19. Nd5 f6 20. Bd2 Bd7 21. Bb4 Bc6 22. Ne7 Qd7 23. Rc1 Bb7 24. Ng6 Kf7 25. Nxh8+ Rxh8 26. Ba5 Rc8 27. Rxc8 Qxc8 28. b3 g6 29. fxg6+ Kxg6 30. Kh2 Qg4 31. Bd8 Qg5 32. a4 bxa4 33. bxa4 Qd2+ 34. Kh1 Qf2 35. Qxf2 Bxf2 36. Kg2 Be1 37. Kh3 Kg5 38. Kh2 h4 39. gxh4+ Bxh4 40. Kh3 Bc8+ 41. Kg2 Kf4 42. Ba5 Ke3 43. Bc2 Bb7 44. Kh3 Bg5 45. Bb6+ Kd2 46. Bb1 Bc6 47. a5 Bd7+ 48. Kg3 Ke2 49. Ba2 Bf4+ 50. Kh4 Kf3 51. Bc4 Bc8 52. Bd3 Be3 53. Kh5 Bb7 54. Kg6 Bxe4+ 55. Bxe4+ Kxe4 56. Kxf6 Bd4 57. Ke6 Kd3 58. Kd5 Kc3 59. Bc7 Kb4 60. Bb6 Bc3 61. Bd8 Kb5 62. Bc7 Ba1 63. Bb6 Bb2 64. Bd8 Bd4 65. Bc7 Bc3 66. Ke4 Kc6 67. Bxe5 Bxe5 68. Kxe5 Kb5 69. Kd4 Kxa5 1/2-1/2

[Event "Monarch Assurance 12th"]
[Site "Port Erin"]
[Date "2003.09.04"]
[Round "8"]
[White "Porat, David"]
[Black "Egeland, Marte"]
[Result "1-0"]
[WhiteElo "2235"]
[BlackElo "1990"]
[PlyCount "93"]
[EventDate "2003.09.27"]
[EventType "swiss"]
[EventRounds "9"]
[EventCountry "IOM"]
[SourceTitle "CBM 096 Extra"]
[Source "ChessBase"]
[SourceDate "2003.10.22"]
[SourceVersion "2"]
[SourceVersionDate "2003.10.20"]
[SourceQuality "1"]

1. d4 Nf6 2. c4 e6 3. Nf3 Bb4+ 4. Nbd2 c5 5. g3 0-0 6. Bg2 Nc6 7. dxc5 Bxc5 8. 0-0 b6 9. Nb3 Be7 10. Nfd4 Bb7 11. Nxc6 Bxc6 12. Bxc6 dxc6 13. Bf4 Qc8 14. Qc2 Rd8 15. Rfd1 Qb7 16. Rxd8+ Rxd8 17. Rd1 c5 18. Rxd8+ Bxd8 19. Qd3 Qd7 20. Nc1 Qxd3 21. Nxd3 Nd7 22. f3 Bf6 23. b3 Kf8 24. e4 Bd4+ 25. Kf1 e5 26. Bd2 Ke7 27. Ke2 Nb8 28. b4 Nc6 29. b5 Nb8 30. f4 Nd7 31. a4 f6 32. f5 Nf8 33. g4 Nd7 34. h4 h6 35. Kf3 Kf7 36. g5 hxg5 37. hxg5 Nf8 38. Kg4 Ke7 39. Kh5 Kf7 40. g6+ Kg8 41. a5 Nd7 42. a6 Nf8 43. Nc1 Nd7 44. Nb3 Nb8 45. Na5 bxa5 46. Bxa5 Bb2 47. Bc7 1-0

[Event "Politiken Cup 25th"]
[Site "Copenhagen"]
[Date "2003.07.25"]
[Round "11"]
[White "Nilsson, Nils Specht"]
[Black "Egeland, Marte"]
[Result "1-0"]
[WhiteElo "2149"]
[BlackElo "1990"]
[PlyCount "51"]
[EventDate "2003.07.14"]
[EventType "swiss"]
[EventRounds "11"]
[EventCountry "DEN"]
[SourceTitle "CBM 095 Extra"]
[Source "ChessBase"]
[SourceDate "2003.09.04"]
[SourceVersion "1"]
[SourceVersionDate "2003.09.04"]
[SourceQuality "1"]

1. Nf3 g6 2. d4 Bg7 3. e4 d6 4. c4 Nf6 5. Nc3 0-0 6. h3 Nfd7 7. g4 c5 8. d5 Ne5 9. Nxe5 Bxe5 10. f4 Bg7 11. Be3 Na6 12. Qd2 Nc7 13. f5 a6 14. h4 e6 15. Bd3 exf5 16. gxf5 b5 17. h5 bxc4 18. hxg6 fxg6 19. Qh2 gxf5 20. Qxh7+ Kf7 21. Qh5+ Ke7 22. Bg5+ Bf6 23. Qh7+ Ke8 24. Qg6+ Rf7 25. Rh8+ Bxh8 26. Bxd8 1-0

[Event "Politiken Cup 25th"]
[Site "Copenhagen"]
[Date "2003.07.22"]
[Round "8"]
[White "Egeland, Marte"]
[Black "Skaanning Pedersen, Kim Henrik"]
[Result "0-1"]
[WhiteElo "1990"]
[BlackElo "2187"]
[PlyCount "90"]
[EventDate "2003.07.14"]
[EventType "swiss"]
[EventRounds "11"]
[EventCountry "DEN"]
[SourceTitle "CBM 095 Extra"]
[Source "ChessBase"]
[SourceDate "2003.09.04"]
[SourceVersion "1"]
[SourceVersionDate "2003.09.04"]
[SourceQuality "1"]

1. e4 c5 2. Nf3 Nc6 3. d4 cxd4 4. Nxd4 g6 5. Nc3 Bg7 6. Be3 Nf6 7. Bc4 0-0 8. 0-0 Nxe4 9. Nxe4 d5 10. Bxd5 Qxd5 11. Nc3 Qa5 12. Nb3 Qf5 13. a3 Be6 14. Qe2 b6 15. Rfd1 Rfd8 16. Rab1 Qg4 17. f3 Qc4 18. Qe1 Bf5 19. Nd2 Qa6 20. Nde4 Nd4 21. Qf2 e5 22. Bg5 Rd7 23. Qh4 Re8 24. Bh6 b5 25. Nc5 Qb6 26. Nxd7 Nxf3+ 27. Kh1 Nxh4 28. Nxb6 Bxh6 29. Nbd5 Kg7 30. Rf1 Bxc2 31. Rbe1 e4 32. Nb4 Bb3 33. Rxe4 Rxe4 34. Nxe4 a5 35. Nc5 Bc4 36. Nbd3 Be3 37. Re1 Bd4 38. Re4 Nf5 39. g4 Bd5 40. gxf5 gxf5 41. Nf4 Bxe4+ 42. Nxe4 fxe4 43. b3 Kf6 44. Kg2 Ke5 45. Kg3 a4 0-1

[Event "Politiken Cup 25th"]
[Site "Copenhagen"]
[Date "2003.07.14"]
[Round "1"]
[White "Carlsen, Magnus"]
[Black "Egeland, Marte"]
[Result "1/2-1/2"]
[WhiteElo "2385"]
[BlackElo "1990"]
[PlyCount "74"]
[EventDate "2003.07.14"]
[EventType "swiss"]
[EventRounds "11"]
[EventCountry "DEN"]
[SourceTitle "CBM 095 Extra"]
[Source "ChessBase"]
[SourceDate "2003.09.04"]
[SourceVersion "1"]
[SourceVersionDate "2003.09.04"]
[SourceQuality "1"]

1. d4 Nf6 2. c4 e6 3. Nc3 Bb4 4. Nf3 c5 5. e3 0-0 6. Bd3 cxd4 7. exd4 b6 8. 0-0 Bxc3 9. bxc3 Bb7 10. d5 exd5 11. cxd5 Bxd5 12. Bg5 h6 13. Bh4 d6 14. Nd4 Nbd7 15. Nf5 Be6 16. Nxd6 Qc7 17. Nf5 Qxc3 18. Rc1 Qb4 19. Bg3 Qa5 20. Qf3 Ne5 21. Bxe5 Qxe5 22. Rfe1 Qb2 23. Rb1 Qd2 24. Red1 Qg5 25. h4 Qh5 26. Qf4 Nd5 27. Qe5 Bxf5 28. Bxf5 Nf6 29. Qf4 Qe2 30. Rbc1 Qxa2 31. Rc6 Rad8 32. Rxd8 Rxd8 33. g4 Qa1+ 34. Kg2 Nd5 35. Qe4 Nf6 36. Qf4 Nd5 37. Qc4 Nf6 1/2-1/2

[Event "Oslo tt Girls"]
[Site "Oslo"]
[Date "2003.04.20"]
[Round "4"]
[White "Cagara, Paulina"]
[Black "Egeland, Marte"]
[Result "1/2-1/2"]
[WhiteElo "2084"]
[BlackElo "2086"]
[PlyCount "115"]
[EventDate "2003.04.??"]
[EventType "team"]
[EventRounds "6"]
[EventCountry "NOR"]
[SourceTitle "EXT 2005"]
[Source "ChessBase"]
[SourceDate "2004.11.15"]
[SourceVersion "1"]
[SourceVersionDate "2004.11.15"]
[SourceQuality "1"]

1. e4 d5 2. exd5 Nf6 3. Nf3 Nxd5 4. d4 Bf5 5. c3 e6 6. Qb3 Qc8 7. Be2 Be7 8. 0-0 0-0 9. Na3 h6 10. c4 Nf6 11. Bf4 Rd8 12. Rfd1 c6 13. Ne5 Nbd7 14. Rac1 Nxe5 15. Bxe5 Bd6 16. Bxf6 gxf6 17. Qe3 Qc7 18. g3 Bf8 19. Bd3 Bxd3 20. Rxd3 Bg7 21. Nc2 Qa5 22. Ra3 Qg5 23. Rb3 Rd7 24. Re1 Qxe3 25. Nxe3 Rad8 26. Rd1 c5 27. d5 b6 28. Kg2 Kf8 29. Re1 Re7 30. Rd1 Red7 31. a4 f5 32. a5 Rd6 33. axb6 axb6 34. Ra1 Bd4 35. dxe6 fxe6 36. Ra7 Rb8 37. Rh7 Bg7 38. g4 f4 39. g5 fxe3 40. gxh6 Bf6 41. Rxe3 Ke8 42. Rf3 Bxb2 43. Rhf7 Rbd8 44. h7 R6d7 45. Rf8+ Ke7 46. Rg8 Kd6 47. Rb3 Bh8 48. Rxb6+ Kc7 49. Rxd8 Rxd8 50. Rxe6 Kd7 51. Rg6 Ke7 52. Rg8 Rf8 53. f3 Kf7 54. Rg5 Bd4 55. h3 Rh8 56. Rh5 Kg6 57. Rd5 Rxh7 58. f4 1/2-1/2

[Event "Nordic School-ch U18"]
[Site "Tjele"]
[Date "2002.02.15"]
[Round "4"]
[White "Egeland, Marte"]
[Black "Pedersen, Christian Kyndel"]
[Result "0-1"]
[WhiteElo "1542"]
[BlackElo "2254"]
[PlyCount "90"]
[EventDate "2002.02.14"]
[EventType "swiss"]
[EventRounds "6"]
[EventCountry "DEN"]
[SourceTitle "EXT 2022"]
[Source "ChessBase"]
[SourceDate "2021.10.06"]
[SourceVersion "1"]
[SourceVersionDate "2021.10.06"]
[SourceQuality "1"]

1. e4 e6 2. d4 d5 3. Nc3 Bb4 4. e5 c5 5. a3 Bxc3+ 6. bxc3 Qa5 7. Bd2 Qa4 8. Qb1 c4 9. Nf3 Nc6 10. Be2 Nge7 11. 0-0 0-0 12. Ng5 f6 13. exf6 gxf6 14. Nh3 e5 15. dxe5 fxe5 16. f4 Bxh3 17. gxh3 e4 18. Bg4 Qa6 19. Be6+ Kh8 20. Kh1 Nf5 21. Bxf5 Rxf5 22. Qd1 Qa5 23. Qg4 Raf8 24. Rg1 R5f7 25. Rg2 Ne7 26. Rag1 h6 27. Qh5 Rf6 28. Rg7 Nf5 29. R7g5 d4 30. cxd4 Qd5 31. Be3 Qf7 32. Bd2 Qxh5 33. Rxh5 Kh7 34. Bc3 Rg6 35. Rb1 b6 36. Rb5 Rgf6 37. d5 R6f7 38. Bb4 Rg8 39. d6 Rfg7 40. Rg5 hxg5 41. Rxf5 gxf4 42. Rh5+ Kg6 43. Rd5 Kf7 44. Rd1 Ke6 45. h4 e3 0-1